000 01138nam a22002657a 4500
001 BD-DhSAU
003 BD-DhSAU
005 20250722102721.0
008 150420b2005 bg ||||| m||| 00| 0 eng d
040 _aBD-DhSAU
082 _222
_a630.715
_bSu36
100 _aSuhee, Tanvia Tanjir
_eRegistration No. # 15-06545
245 _aFarmers’ knowledge on value chain of watermelon marketing /
_bMS thesis
260 _aSher-e-Bangla Agricultural Uniersity :
_bDepartment of Agricultural Extension and Information System;
_c2022.
300 _ax, 50 p. ;
_c30 cm.
500 _aMS thesis of Department of Agricultural Extension and Information System, Faculty of Agriculture, Sher-e-Bangla Agricultural University, Dhaka, Bangladesh
504 _aIncludes bibliographical reference.
590 _aNazmul
650 _afarmers’ knowledge on value chain
651 _awatermelon marketing
700 _aProf . Dr Muhammad Humayun Kabir
_eSuperviser
700 _aProf. Dr. MD. Mahbubul Alam
_eCo-superviser
856 _uhttp://archive.saulibrary.edu.bd:8080/xmlui/handle/123456789/5337
942 _2ddc
_cTHESIS
999 _c17488
_d17487